000 00445nam a2200205Ia 4500
001 13847
003 GE_BSU
008 181216s||||||||xx |||||||||||||| ||und||
020 _a0751528218
040 _cGE_BSU
080 _a821.111-3
100 _aNewbery,Georgina
245 _aSand and Slingbacks
260 _aLondon
260 _bWarner books
260 _c1999
300 _a312p.18cm.
653 _aSand and Slingbacks
942 _cBK
999 _c46993
_d46993